000 00386nam a22001577a 4500
005 20160905174211.0
008 160905b xxu||||| |||| 00| 0 eng d
020 _a978-81-203-4096-1
041 _aeng
100 _aRAVICHANDRA,N.G
_93476
245 _aMETHODS AND TECHNIQUES IN PLANT NEMATOLOGY
260 _bPHI
_c2015
300 _a571
650 _aAGRICULTURAL
_93475
942 _cBK
999 _c5223
_d5221